Wikipedia Articles by mentions of Germany - Statistics

General Stats
  • This quiz has been taken 44 times
  • The average score is 29 of 44
Answer Stats
# Country % Correct
36 Austria
100%
15 Poland
100%
28 France
98%
327 Germany
98%
7 Belgium
95%
5 Russia
95%
15 United Kingdom
95%
12 Switzerland
93%
21 Denmark
90%
16 Luxembourg
90%
7 Spain
90%
11 Czech Republic
88%
6 Liechtenstein
88%
10 Sweden
85%
8 Greece
83%
10 Italy
83%
5 Serbia
80%
12 Slovakia
80%
11 Slovenia
80%
5 Ukraine
80%
14 Hungary
78%
17 Lithuania
78%
12 Norway
78%
15 Latvia
75%
8 Estonia
73%
5 Croatia
70%
9 Finland
70%
5 Turkey
70%
10 Romania
68%
6 Namibia
63%
5 Moldova
58%
5 Israel
55%
9 Albania
53%
5 Saudi Arabia
33%
5 Syria
28%
7 Togo
28%
5 Haiti
18%
6 Samoa
18%
5 Venezuela
18%
5 Mongolia
15%
5 Afghanistan
13%
5 Jamaica
10%
6 Micronesia
8%
5 Liberia
3%
No matching quizzes found
Score Distribution
Percent of People with Each Score
Percentile by Number Answered
Your Score History
You have not taken this quiz